000 00851nam a22002297a 4500
999 _c20451
_d20451
003 AR-CdUCM
008 190530b ||||| |||| 00| 0 spa d
040 _aMUNICIPALIDAD PROVINCIAL DEL CUSCO
_cBIBLIOTECA MUNICIPAL DEL CUSCO
041 _hit
082 _a515 /
_bR195
100 _aRanelletti, C.
_942765
245 _aElementos de geometría descriptiva y sus aplicaciones a la teoría de las sombras y al corte de piedras y maderas /
260 _aBarcelona :
_bGustavo Gili,
_c1958.
300 _a407 páginas ;
_c17 cm.
505 _aContenido: Sistema diedrico -- Proyecciones especiales -- Teoría de las sombras...
650 _aGeometría
_918656
650 _aMatemáticas
_99398
650 _aCiencias exactas
_942766
700 _aÁlvares Castrillón, M. (traducción)
_942767
942 _2ddc
_cLIBROS
945 _adavv
_d2019-05-30